000 01179nam a2200277Ia 4500
003 OSt
005 20221005110349.0
006 a|||||r|||| 00| 0
007 ta
008 221004b |||||||| |||| 00| 0 kan d
020 _a9789380146829 (hbk)
_c1100
024 _a107715
037 _b12962, 19/03/2011, Kitab Ghar
_cTextual
040 _aCRL
_cCRL
_bkan
041 _2kan
_akan
082 _aO33,3N28,KK, 152Q0
100 _aएच. तिप्पेरूद्रस्वामी
_9624106
245 0 _aकर्तार की टकसाल, अनु0 बी टी शशिकला देवी
246 _aKartār kī ṭakasāla, anu bī ṭī shashikalā devī
260 _aनई दिल्ली
_bकिताबघर प्रकाशन भारत
_c2010
300 _a763पृ0
_ccm.
650 _aकन्नड़ कहानी
700 _a शशिकला देवी, अनु.
942 _hO33,3N28,KK, 152Q0
_cTEXL
_2cc
999 _c1018591
_d1018591